000 00707nam a2200289Ia 4500
005 20260324130754.0
008 008 260324s9999 xx 000 0 eng d
020 _a9781315652979
037 _aEBOOK
040 _aCRL
040 _beng
040 _cCRL
041 _2eng
041 _aeng
084 _qCRL
100 _aPetteri Pietikainen
_91157256
245 0 _aAlchemists of Human Nature
245 0 _bPsychological Utopianism in Gross, Jung, Reich and Fromm
260 _bTaylor and Francis
260 _c2007
365 _a
365 _b255
856 _uhttp://www.taylorfrancis.com/books/9781315652979
942 _cEBOOK
999 _c1779512
_d1779512